000 00838ntm a2200205 i 4500
001 189410
003 ES-MaACL
005 20250628063408.0
008 250627q1730 sp ||||| |||| 00| 0 spa d
080 _a669.791
245 0 0 _aPara la mina de los azogues de la Alcoraya pueden aprobecharse los montes siguientes...
_h[Manuscrito].
260 _b[S.l.:
_as.n.,
_cca. 1730]
300 _a[3] páginas ;
_c20 cm.
500 _aLegado de Federico de Botella y de Hornos
650 4 _aMercurio (Metal)-
_zAlcoraya.
_9167168
852 _aES-MaACL
_cSPB
_hLegado de Federico de Botella y de Hornos
_jB-8924(16)
_xEncuadernado en un vol. facticio agrupado con el nombre en el lomo: España, geología, memorias y documentos varios 1 a 8
942 _2udc
_cMANUSCRITO
_n0
999 _c189410
_d189410